MARC

LEADER 00000nam0a2200000 4500
001 272825
005 20231101234555.0
020 |a RU  |b 87-64841 
035 |a (RuTPU)RU\TPU\book\296034 
090 |a 272825 
100 |a 20141021d1987 k y0rusy5003 ca 
101 0 |a rus 
102 |a RU 
105 |a a z 001zy 
200 1 |a Лазерная пикосекундная спектроскопия и фотохимия биомолекул  |f Академия наук СССР (АН СССР), Институт спектроскопии ; под ред. В. С. Летохова 
210 |a Москва  |c Наука  |d 1987 
215 |a 253 с.  |c ил. 
320 |a Библиогр. в конце глав 
606 1 |a Фотохимия  |x (химия)  |2 stltpush  |3 (RuTPU)RU\TPU\subj\64306  |9 81213 
606 1 |a Спектроскопия лазерная  |2 stltpush  |3 (RuTPU)RU\TPU\subj\55802  |9 73763 
610 1 |a биомолекулы 
610 1 |a исследование 
610 1 |a лазерные импульсы 
610 1 |a спектроскопия пикосекундных стадий 
610 1 |a спектроскопия субпикосекундных стадий 
610 1 |a свет 
610 1 |a энергия 
610 1 |a преобразование 
610 1 |a родопсины 
610 1 |a фотосинтез 
610 1 |a тимин 
610 1 |a фотофизика 
610 1 |a металлопорфирины 
610 1 |a фотохимический синтез 
610 1 |a УФ-инактивация 
610 1 |a вирусы 
610 1 |a бактерии 
675 |a 535.33:621.373.826  |v 4 
675 |a 544.52  |v 4 
702 1 |a Летохов  |b В. С.  |g Владилен Степанович  |4 340 
712 0 2 |a Академия наук СССР (АН СССР)  |b Институт спектроскопии  |2 stltpush  |3 (RuTPU)RU\TPU\col\7910 
801 0 |a RU  |b RuMRKP  |c 19960705  |g psbo 
801 1 |a RU  |b 63413507  |c 20141021 
801 2 |a RU  |b 63413507  |c 20170109  |g RCR 
942 |c BK